| 000 | 00678nam a2200169 a 4500 | ||
|---|---|---|---|
| 005 | 20210223120549.0 | ||
| 008 | 991125s1960 mx 000 0 spa u | ||
| 035 | _aUPN01000003309 | ||
| 049 | _aCG | ||
| 050 | 4 |
_aHS65 M67 _bI5.3 1959 |
|
| 110 | 2 |
_aInstituto Nacional de la Juventud Mexicana _928087 |
|
| 245 | 0 | 0 |
_aAnuario 1959 : _bla juventud mexicana y el primer año de gobierno del C. Presidente Lic. Adolfo López Mateos / _cInstituto Nacional de la Juventud Mexicana. |
| 260 |
_aMéxico : _bInstituto Nacional de la Juventud Mexicana, _c[1960?]. |
||
| 300 |
_a44 p. : _bprincipalmente il. |
||
| 610 | 2 | 4 |
_aINSTITUTO NACIONAL DE LA JUVENTUD MEXICANA - _vANUARIOS |
| 905 | _aLibro | ||
| 999 |
_c3309 _d3309 |
||